000 00217 a2200109 4500
001 68552
040 _cAnchieta - Itaigara
240 1 0 _aShrek
_l
245 1 0 _aShrek
650 4 _aLiteratura infanto-juvenil
942 _cMU
999 _c68552
_d68552